| 000 | 00748nam a2200229 4500 | ||
|---|---|---|---|
| 003 | OSt | ||
| 005 | 20240605013113.0 | ||
| 006 | a | ||
| 008 | 240605b |||||||| |||| 00| 0 eng d | ||
| 020 | _a9789710391790 | ||
| 040 |
_aDWCL-Main lib. _cOC |
||
| 082 | _aFil. 150.289 M963p 2013 | ||
| 100 | _aMunarriz, Natividad J | ||
| 245 | _aPsychological testing in the Philippines : practice, directions and perspectives / | ||
| 260 |
_aQuezon City, Phils. : _bGreat Books Publishing, _cc2013. |
||
| 300 |
_aix, _b155 pages : illustrations ; _c23 cm. |
||
| 504 | _aIncludes index. | ||
| 650 | _a1. Psychological tests–Philippines. | ||
| 650 | _a2. Psychometrics–Philippines. | ||
| 700 | _aNatividad J. Munarriz | ||
| 942 |
_2ddc _n0 _cBK - FIL _kFil. |
||
| 999 |
_c157 _d157 |
||